| 000 | 00763nam a2200265 i 4500 | ||
|---|---|---|---|
| 001 | C2-0252940 | ||
| 003 | PPAK | ||
| 005 | 20180727220037.0 | ||
| 008 | 031218s1995 my a|||| ||||| | may d | ||
| 020 | _a9676005614 | ||
| 040 |
_aPPAK _beng _cPPAK _erda |
||
| 082 | 0 | 4 |
_a428.6 _223 |
| 090 | 0 | 0 |
_a428.6 _bLEE _dK |
| 100 | 1 |
_aLee, Su Kim, _eauthor |
|
| 245 | 1 | 4 | _aThe four friends and other short stories |
| 264 | 1 |
_aPetaling Jaya, Selangor : _bEastview Publications , _c1995 |
|
| 300 |
_av, 78 pages : _bcolour illustrations ; _c19 cm |
||
| 336 |
_2rdacontent _atext |
||
| 337 |
_2rdamedia _aunmediated |
||
| 338 |
_2rdacarrier _avolume |
||
| 490 | 1 | _aThe golden moral readers | |
| 650 | 1 | 0 | _aReaders |
| 830 | 0 | _aThe golden moral readers | |
| 942 |
_ddc _cB |
||
| 999 |
_c65907 _d65907 |
||